[Event "CP-2018-P-00015"]
[Site "LSS email"]
[Date "2018.09.27"]
[Round "?"]
[White "Kolanek, Roman"]
[Black "Saganauer, Richard"]
[Result "1/2-1/2"]
[WhiteElo "2132"]
[BlackElo "2052"]
[PlyCount "80"]
[EventDate "2018.10.01"]
[EventType "tourn (corr)"]
[EventRounds "6"]
[EventCountry "GER"]
[SourceTitle "Corr 2022"]
[Source "ChessBase"]
[SourceDate "2021.10.24"]
[SourceVersion "1"]
[SourceVersionDate "2021.10.24"]
[SourceQuality "1"]

1. d4 Nf6 2. c4 e6 3. Nf3 d5 4. Nc3 c6 5. cxd5 exd5 6. Bf4 Bf5 7. h3 Bd6 8. Bxd6 Qxd6 9. Nh4 Be4 10. e3 Nbd7 11. Be2 0-0 12. 0-0 Rfe8 13. Re1 h6 14. Nxe4 dxe4 15. Bc4 Nb6 16. Bb3 a5 17. a3 a4 18. Ba2 Ra5 19. Ng6 Nfd7 20. Nf4 Nf6 21. Rc1 Rea8 22. Ng6 Nfd7 23. Nf4 Nf6 24. Qc2 Re8 25. Ne2 Rg5 26. Nc3 Qd7 27. Kh2 Ra5 28. Rf1 Rh5 29. Kg1 Rg5 30. Kh1 Rf5 31. Rce1 Re7 32. Kh2 Rg5 33. Kh1 Qf5 34. Nxa4 Rh5 35. Qc5 Rxh3+ 36. Kg1 Nbd5 37. gxh3 Re6 38. Bxd5 Nxd5 39. Kh2 Rg6 40. Qa5 Qf3 1/2-1/2

[Event "CP-2017-P-00029"]
[Site "LSS email"]
[Date "2017.09.27"]
[Round "?"]
[White "Saganauer, Richard"]
[Black "Furguzz, Scarlett"]
[Result "1/2-1/2"]
[WhiteElo "2047"]
[BlackElo "1855"]
[PlyCount "82"]
[EventDate "2017.10.01"]
[EventType "tourn (corr)"]
[EventRounds "6"]
[EventCountry "GER"]
[SourceTitle "Corr 2022"]
[Source "ChessBase"]
[SourceDate "2021.10.24"]
[SourceVersion "1"]
[SourceVersionDate "2021.10.24"]
[SourceQuality "1"]

1. e4 Nf6 2. e5 Nd5 3. Nf3 d6 4. c4 Nb6 5. Nc3 Nc6 6. d4 Bg4 7. Be3 g6 8. exd6 cxd6 9. d5 Bxf3 10. gxf3 Ne5 11. f4 Ned7 12. Bd4 Rg8 13. h4 Bg7 14. h5 Bxd4 15. Qxd4 Qc7 16. 0-0-0 Qc5 17. Qxc5 Nxc5 18. Re1 Kf8 19. hxg6 hxg6 20. Kc2 a5 21. b3 a4 22. Rh3 Na6 23. Kb2 Nc7 24. Rhe3 Re8 25. bxa4 Nd7 26. Rh3 Nc5 27. Bd3 Na8 28. Bc2 Nb6 29. Bb3 Rc8 30. a5 Nbd7 31. Nb5 Nf6 32. Bc2 Na6 33. Kb3 Nc5+ 34. Kc3 Na6 35. Be4 Nc5 36. Bb1 Ra8 37. Kb4 Na6+ 38. Ka3 Nc5 39. Rhe3 Rxa5+ 40. Kb4 Ra4+ 41. Kc3 Ra5 1/2-1/2

[Event "CP-2017-P-00029"]
[Site "LSS email"]
[Date "2017.09.27"]
[Round "?"]
[White "Saganauer, Richard"]
[Black "Ornek, Ozer"]
[Result "1/2-1/2"]
[WhiteElo "2047"]
[BlackElo "1730"]
[PlyCount "66"]
[EventDate "2017.10.01"]
[EventType "tourn (corr)"]
[EventRounds "6"]
[EventCountry "GER"]
[SourceTitle "Corr 2022"]
[Source "ChessBase"]
[SourceDate "2021.10.24"]
[SourceVersion "1"]
[SourceVersionDate "2021.10.24"]
[SourceQuality "1"]

1. e4 c5 2. Nf3 Nc6 3. d4 cxd4 4. Nxd4 Nf6 5. Nc3 e5 6. Ndb5 d6 7. Bg5 a6 8. Na3 b5 9. Nd5 Be7 10. Bxf6 Bxf6 11. c3 0-0 12. Nc2 Bg5 13. a4 bxa4 14. Rxa4 a5 15. Bc4 Rb8 16. b3 Kh8 17. 0-0 f5 18. exf5 Bxf5 19. Nce3 Bg6 20. Qe2 Qd7 21. Raa1 e4 22. Nc2 Ne5 23. Rxa5 Nf3+ 24. Kh1 Nd2 25. Rfa1 Nxb3 26. Bxb3 Rxb3 27. Ncb4 Qd8 28. R5a2 e3 29. fxe3 Rb1+ 30. Rxb1 Bxb1 31. Ra1 Bg6 32. Qg4 h6 33. Qd4 Qa5 1/2-1/2

[Event "CP-2016-P-00044"]
[Site "LSS email"]
[Date "2016.09.27"]
[Round "?"]
[White "Saganauer, Richard"]
[Black "Broniek, Mariusz Maciej"]
[Result "1/2-1/2"]
[WhiteElo "2144"]
[BlackElo "2383"]
[PlyCount "81"]
[EventDate "2016.10.01"]
[EventType "tourn (corr)"]
[EventRounds "6"]
[EventCountry "GER"]
[SourceTitle "Corr 2022"]
[Source "ChessBase"]
[SourceDate "2021.10.24"]
[SourceVersion "1"]
[SourceVersionDate "2021.10.24"]
[SourceQuality "1"]

1. e4 c5 2. Nf3 Nc6 3. Bb5 e6 4. 0-0 Nge7 5. c3 a6 6. Ba4 b5 7. Bc2 Bb7 8. d4 cxd4 9. Nxd4 Ng6 10. Be3 Be7 11. Nxc6 Bxc6 12. Nd2 0-0 13. f4 d5 14. Qh5 dxe4 15. Nxe4 f5 16. Ng5 Bxg5 17. Qxg5 Qxg5 18. fxg5 Bd5 19. Rad1 Rfd8 20. Bb6 Rd7 21. Bb3 Ne7 22. Bc5 Rad8 23. Bxe7 Bxb3 24. Rxd7 Rxd7 25. axb3 Rxe7 26. Rd1 e5 27. Rd6 Kf7 28. Rxa6 e4 29. Rd6 b4 30. g3 bxc3 31. bxc3 Rc7 32. c4 Rb7 33. c5 Rxb3 34. c6 Rb2 35. c7 Rc2 36. Rd7+ Kg6 37. Kf1 h6 38. gxh6 Kxh6 39. Ke1 g5 40. Kd1 Rc4 41. Kd2 1/2-1/2

[Event "CP-2016-P-00044"]
[Site "LSS email"]
[Date "2016.09.27"]
[Round "?"]
[White "Saganauer, Richard"]
[Black "Markus, Roland"]
[Result "1/2-1/2"]
[WhiteElo "2144"]
[BlackElo "2352"]
[PlyCount "97"]
[EventDate "2016.10.01"]
[EventType "tourn (corr)"]
[EventRounds "6"]
[EventCountry "GER"]
[SourceTitle "Corr 2022"]
[Source "ChessBase"]
[SourceDate "2021.10.24"]
[SourceVersion "1"]
[SourceVersionDate "2021.10.24"]
[SourceQuality "1"]

1. e4 c6 2. Be2 d5 3. exd5 cxd5 4. d4 Bf5 5. Nf3 e6 6. 0-0 Nf6 7. Nh4 Bg6 8. c3 Bd6 9. Nxg6 hxg6 10. h3 0-0 11. Nd2 Nc6 12. Nf3 Re8 13. Re1 Rc8 14. Bd3 Qc7 15. Bg5 a6 16. Rc1 Nd7 17. Qc2 Nf8 18. Be3 Na5 19. Rcd1 Nc4 20. Bc1 Nd7 21. Bg5 Qa5 22. a4 Qc7 23. Re2 Qc6 24. Rc1 Qc7 25. b3 Na5 26. c4 Bf4 27. Bxf4 Qxf4 28. Ree1 dxc4 29. bxc4 Nf6 30. Qb2 Red8 31. Bf1 Rb8 32. Re3 Qc7 33. g3 Rd6 34. c5 Rdd8 35. Rd3 Nc6 36. Bg2 a5 37. Rdd1 Nd5 38. Ng5 Nde7 39. Be4 Rd7 40. Rd2 Qd8 41. Nf3 b6 42. Qa1 Rc8 43. Rdd1 bxc5 44. dxc5 Rxd1+ 45. Rxd1 Nd5 46. h4 Qf6 47. Qxf6 gxf6 48. Bxd5 exd5 49. Rxd5 1/2-1/2

[Event "BI-2016-F-0000"]
[Site "LSS email"]
[Date "2016.02.14"]
[Round "?"]
[White "Koehler, Josef"]
[Black "Saganauer, Richard"]
[Result "1-0"]
[WhiteElo "2105"]
[BlackElo "2156"]
[PlyCount "99"]
[EventDate "2016.02.20"]
[EventType "tourn (corr)"]
[EventRounds "10"]
[EventCountry "GER"]
[SourceTitle "Corr 2022"]
[Source "ChessBase"]
[SourceDate "2021.10.24"]
[SourceVersion "1"]
[SourceVersionDate "2021.10.24"]
[SourceQuality "1"]

1. Nf3 Nf6 2. g3 d5 3. Bg2 c6 4. h3 Nbd7 5. d4 e6 6. Nc3 Be7 7. 0-0 b5 8. a3 0-0 9. e4 Nxe4 10. Nxe4 dxe4 11. Ne5 Nxe5 12. dxe5 Qc7 13. Bxe4 Bb7 14. Qh5 g6 15. Qe2 Qxe5 16. Bf4 Qf6 17. Bg2 Bc5 18. c3 Rfd8 19. Be5 Qg5 20. h4 Rd2 21. Qe1 Qd8 22. Rd1 Rxd1 23. Qxd1 Qxd1 24. Rxd1 Rf8 25. Rd7 Ba8 26. b4 Bb6 27. Bd4 Rc8 28. Bc5 Kg7 29. g4 h6 30. g5 hxg5 31. hxg5 Rd8 32. Re7 Rb8 33. Kf1 a5 34. Bxb6 Rxb6 35. Ra7 axb4 36. cxb4 Rb8 37. Ke2 e5 38. Ke3 Rc8 39. a4 bxa4 40. b5 cxb5 41. Bxa8 Rc3+ 42. Ke4 Rc2 43. f3 Re2+ 44. Kd3 Re1 45. Kc3 Rg1 46. Bd5 Rxg5 47. Rxf7+ Kh6 48. Rb7 Rg3 49. Kd3 a3 50. Ke4 1-0

[Event "BI-2016-F-0000"]
[Site "LSS email"]
[Date "2016.02.14"]
[Round "?"]
[White "Saganauer, Richard"]
[Black "Hardyn, Jaroslav"]
[Result "1-0"]
[WhiteElo "2156"]
[BlackElo "1857"]
[PlyCount "37"]
[EventDate "2016.02.20"]
[EventType "tourn (corr)"]
[EventRounds "10"]
[EventCountry "GER"]
[SourceTitle "Corr 2022"]
[Source "ChessBase"]
[SourceDate "2021.10.24"]
[SourceVersion "1"]
[SourceVersionDate "2021.10.24"]
[SourceQuality "1"]

1. e4 e6 2. d4 d5 3. exd5 exd5 4. Nf3 Nc6 5. Bb5 Bd7 6. 0-0 Bd6 7. c4 dxc4 8. Bxc4 Nf6 9. Re1+ Be7 10. Nc3 0-0 11. d5 Na5 12. Bd3 c6 13. Bg5 Bg4 14. h3 Bxf3 15. Qxf3 Nxd5 16. Bxe7 Nxe7 17. Rad1 Qc7 18. b4 Ng6 19. Qg3 1-0

[Event "BI-2016-F-0000"]
[Site "LSS email"]
[Date "2016.02.14"]
[Round "?"]
[White "Saganauer, Richard"]
[Black "Siger, Csaba"]
[Result "1/2-1/2"]
[WhiteElo "2156"]
[BlackElo "1745"]
[PlyCount "64"]
[EventDate "2016.02.20"]
[EventType "tourn (corr)"]
[EventRounds "10"]
[EventCountry "GER"]
[SourceTitle "Corr 2022"]
[Source "ChessBase"]
[SourceDate "2021.10.24"]
[SourceVersion "1"]
[SourceVersionDate "2021.10.24"]
[SourceQuality "1"]

1. e4 e6 2. d4 d5 3. exd5 exd5 4. Nf3 Bg4 5. h3 Bh5 6. Bb5+ c6 7. Bd3 Be7 8. 0-0 Nf6 9. Bf4 0-0 10. Nbd2 Bd6 11. Be5 Bxe5 12. dxe5 Nfd7 13. Re1 Nc5 14. Bf5 g6 15. Bd3 Bxf3 16. Nxf3 Nbd7 17. b4 Ne6 18. Qd2 Qc7 19. h4 a5 20. b5 Ndc5 21. Rab1 f5 22. Ng5 Nxg5 23. Qxg5 Rae8 24. bxc6 bxc6 25. Qe3 Ne6 26. h5 f4 27. Qb6 gxh5 28. Qxc7 Nxc7 29. Rb7 Re7 30. Rb6 Re6 31. Kh2 Rfe8 32. Kh3 c5 1/2-1/2

[Event "CP-2015-Q-00007"]
[Site "LSS email"]
[Date "2015.12.02"]
[Round "?"]
[White "Rombaldoni, Denis"]
[Black "Saganauer, Richard"]
[Result "1/2-1/2"]
[WhiteElo "2217"]
[BlackElo "2165"]
[PlyCount "53"]
[EventDate "2015.12.08"]
[EventType "tourn (corr)"]
[EventRounds "6"]
[EventCountry "GER"]
[SourceTitle "Corr 2022"]
[Source "ChessBase"]
[SourceDate "2021.10.24"]
[SourceVersion "1"]
[SourceVersionDate "2021.10.24"]
[SourceQuality "1"]

1. Nf3 Nf6 2. g3 g6 3. c4 Bg7 4. Bg2 0-0 5. 0-0 c5 6. Nc3 Nc6 7. d4 cxd4 8. Nxd4 Nxd4 9. Qxd4 d6 10. Qd3 Bf5 11. e4 Be6 12. b3 Ng4 13. Bd2 Ne5 14. Qe2 Nc6 15. Rad1 Qa5 16. Na4 Qa6 17. Bc3 Ne5 18. Qc2 b5 19. cxb5 Qxb5 20. f4 Ng4 21. Bxg7 Kxg7 22. h3 Rac8 23. Qb2+ Nf6 24. Rfe1 Rfd8 25. Qf2 Qa5 26. g4 Nd7 27. g5 1/2-1/2

[Event "CP-2015-Q-00007"]
[Site "LSS email"]
[Date "2015.12.02"]
[Round "?"]
[White "Saganauer, Richard"]
[Black "Colibaba, Alexandr"]
[Result "1/2-1/2"]
[WhiteElo "2165"]
[BlackElo "2215"]
[PlyCount "50"]
[EventDate "2015.12.08"]
[EventType "tourn (corr)"]
[EventRounds "6"]
[EventCountry "GER"]
[SourceTitle "Corr 2022"]
[Source "ChessBase"]
[SourceDate "2021.10.24"]
[SourceVersion "1"]
[SourceVersionDate "2021.10.24"]
[SourceQuality "1"]

1. e4 e5 2. Nf3 Nc6 3. Bb5 Nge7 4. 0-0 g6 5. c3 a6 6. Ba4 Bg7 7. d4 exd4 8. cxd4 0-0 9. d5 Na5 10. Nc3 b5 11. Bb3 d6 12. Re1 Bb7 13. Bg5 b4 14. Ne2 h6 15. Be3 Nxb3 16. axb3 c5 17. dxc6 Nxc6 18. Qd2 Kh7 19. Ned4 Re8 20. Nxc6 Bxc6 21. Bd4 a5 22. Qd3 f6 23. Rac1 Qd7 24. h4 h5 25. Bb6 Reb8 1/2-1/2

[Event "BI-2015-P-0000"]
[Site "LSS email"]
[Date "2015.04.16"]
[Round "?"]
[White "Kuzmin, Konstantin"]
[Black "Saganauer, Richard"]
[Result "1-0"]
[WhiteElo "2323"]
[BlackElo "2155"]
[PlyCount "125"]
[EventDate "2015.04.22"]
[EventType "tourn (corr)"]
[EventRounds "10"]
[EventCountry "GER"]
[SourceTitle "Corr 2022"]
[Source "ChessBase"]
[SourceDate "2021.10.24"]
[SourceVersion "1"]
[SourceVersionDate "2021.10.24"]
[SourceQuality "1"]

1. e4 e5 2. Nf3 Nc6 3. Bb5 a6 4. Ba4 Nf6 5. 0-0 Be7 6. Re1 b5 7. Bb3 0-0 8. c3 d5 9. exd5 Nxd5 10. Nxe5 Nxe5 11. Rxe5 c6 12. d3 Bd6 13. Re1 Bf5 14. Qf3 Re8 15. Rxe8+ Qxe8 16. Nd2 Qe6 17. h3 Re8 18. Ne4 Bxe4 19. dxe4 Qxe4 20. Qxe4 Rxe4 21. Kf1 Kf8 22. Bd2 h6 23. Bd1 Bc5 24. a4 Re6 25. b4 Bb6 26. Be2 g5 27. a5 Bc7 28. c4 Nf6 29. Ra2 Be5 30. Bf3 Ne8 31. Bg4 Rf6 32. c5 Nc7 33. Ra3 Ne6 34. Be1 Ke7 35. Re3 Bd4 36. Rd3 Be5 37. g3 Rg6 38. Bf3 Rf6 39. Kg2 Rg6 40. Be4 Rf6 41. Rd1 Nd4 42. Bd2 Ne6 43. f3 Bd4 44. Be1 Be5 45. Bxc6 Nxc5 46. Bxb5 axb5 47. bxc5 Ra6 48. Rb1 Kd7 49. Rxb5 Bc7 50. Rb2 Kc6 51. h4 Kxc5 52. Rc2+ Kd6 53. h5 Kd7 54. Bb4 f5 55. Rc5 f4 56. g4 Re6 57. Rf5 Kc8 58. Rf8+ Kb7 59. Rf7 Kc8 60. Rh7 Rc6 61. Kf1 Re6 62. Rg7 Re3 63. a6 1-0

[Event "WC-2014-S-00006"]
[Site "LSS email"]
[Date "2014.10.12"]
[Round "?"]
[White "Gyimesi, Jeno"]
[Black "Saganauer, Richard"]
[Result "0-1"]
[WhiteElo "1973"]
[BlackElo "2160"]
[PlyCount "116"]
[EventDate "2014.10.15"]
[EventType "tourn (corr)"]
[EventRounds "12"]
[EventCountry "GER"]
[SourceTitle "Corr 2024"]
[Source "ChessBase"]
[SourceDate "2023.10.19"]
[SourceVersion "1"]
[SourceVersionDate "2023.10.19"]
[SourceQuality "1"]

1. e4 e5 2. Nf3 Nf6 3. d4 Nxe4 4. Bd3 d5 5. Nxe5 Nd7 6. 0-0 Nxe5 7. dxe5 Nc5 8. Be2 Be7 9. Be3 0-0 10. c4 dxc4 11. Bxc4 Be6 12. Bxe6 Nxe6 13. Nc3 Bc5 14. Bxc5 Nxc5 15. Qe1 c6 16. Qe3 Qe7 17. Rad1 Rad8 18. f4 a5 19. Ne2 g6 20. Kh1 Ne6 21. Rxd8 Rxd8 22. Nc3 Rd4 23. Ne4 Qb4 24. Nf6+ Kg7 25. g3 Rd2 26. f5 Qd4 27. Qe4 Nc5 28. Qxd4 Rxd4 29. Ne8+ Kf8 30. Nd6 Ke7 31. b3 Rd2 32. a4 Rb2 33. Nc8+ Kd7 34. Nd6 Rxb3 35. g4 gxf5 36. gxf5 f6 37. Rd1 Rd3 38. Rxd3 Nxd3 39. Nxb7 Nxe5 40. Nxa5 c5 41. Nb3 c4 42. Nd4 Kd6 43. Kg2 Kc5 44. Nc2 Kb6 45. Ne3 Ka5 46. Nd5 Nd7 47. Nc3 Kb4 48. Ne2 Ne5 49. Kg3 Kxa4 50. Kf4 Kb3 51. Ke4 h5 52. h4 c3 53. Kd5 c2 54. Nd4+ Kb2 55. Nxc2 Kxc2 56. Ke6 Ng4 57. Kf7 Kd3 58. Kg6 Ke4 0-1

[Event "WC-2014-S-00006"]
[Site "LSS email"]
[Date "2014.10.12"]
[Round "?"]
[White "Pott, Brian"]
[Black "Saganauer, Richard"]
[Result "1/2-1/2"]
[WhiteElo "1773"]
[BlackElo "2160"]
[PlyCount "87"]
[EventDate "2014.10.15"]
[EventType "tourn (corr)"]
[EventRounds "12"]
[EventCountry "GER"]
[SourceTitle "Corr 2024"]
[Source "ChessBase"]
[SourceDate "2023.10.19"]
[SourceVersion "1"]
[SourceVersionDate "2023.10.19"]
[SourceQuality "1"]

1. e4 d6 2. d4 Nf6 3. Nc3 g6 4. f4 Bg7 5. Nf3 0-0 6. Bd3 Na6 7. 0-0 c5 8. d5 Bg4 9. Bc4 Nd7 10. h3 Bxf3 11. Rxf3 Qa5 12. Bd2 Qb4 13. b3 Qa5 14. a3 Qd8 15. Qf1 Nc7 16. a4 a6 17. a5 Ne8 18. Ra2 Nef6 19. g3 Qc7 20. Kg2 Rab8 21. Qd3 Rbe8 22. g4 Rc8 23. Qe2 h6 24. Rf1 Rcd8 25. Re1 Ne8 26. h4 Qc8 27. Rh1 Kh8 28. h5 g5 29. fxg5 Ne5 30. gxh6 Bf6 31. Kh3 Rg8 32. Rg1 Nxc4 33. bxc4 Bd4 34. Rf1 Nf6 35. Rxf6 Bxf6 36. Nd1 Bg5 37. Ne3 f6 38. Nf5 Bxd2 39. Qxd2 Rg5 40. Ra3 Rdg8 41. Rg3 Qd7 42. Qc3 Kh7 43. Qd3 Kh8 44. Qd1 1/2-1/2

[Event "WC-2014-S-00006"]
[Site "LSS email"]
[Date "2014.10.12"]
[Round "?"]
[White "Saganauer, Richard"]
[Black "Nicolaescu, Nicolae"]
[Result "1-0"]
[WhiteElo "2160"]
[BlackElo "1955"]
[PlyCount "99"]
[EventDate "2014.10.15"]
[EventType "tourn (corr)"]
[EventRounds "12"]
[EventCountry "GER"]
[SourceTitle "Corr 2024"]
[Source "ChessBase"]
[SourceDate "2023.10.19"]
[SourceVersion "1"]
[SourceVersionDate "2023.10.19"]
[SourceQuality "1"]

1. e4 c5 2. Nf3 Nc6 3. Nc3 g6 4. Bc4 Bg7 5. 0-0 d6 6. d3 Nf6 7. h3 0-0 8. a4 a6 9. Bg5 Bd7 10. Qd2 Na5 11. Rfe1 Nxc4 12. dxc4 Bc6 13. e5 dxe5 14. Qxd8 Raxd8 15. Nxe5 Bd7 16. Nxd7 Rxd7 17. a5 Rfd8 18. Na4 h6 19. Be3 Ne4 20. c3 g5 21. Rac1 Bf6 22. f3 Nd6 23. b3 Nf5 24. Nxc5 Rc7 25. Bf2 Rd2 26. Ne4 Ra2 27. Ra1 Rb2 28. Reb1 Rxb1+ 29. Rxb1 Be5 30. Rd1 Nd6 31. Bd4 Bxd4+ 32. cxd4 Nxe4 33. fxe4 f6 34. Rc1 Kf7 35. d5 Ke8 36. Kf2 Kd7 37. c5 h5 38. Ke3 Rc8 39. g3 Rd8 40. c6+ Kc7 41. cxb7+ Kxb7 42. Rc6 Rd7 43. h4 gxh4 44. gxh4 Rd8 45. Re6 Rg8 46. Rxe7+ Kb8 47. Kd4 Rg4 48. d6 Kc8 49. Kd5 Rg2 50. Ke6 1-0

[Event "WC-2014-S-00006"]
[Site "LSS email"]
[Date "2014.10.12"]
[Round "?"]
[White "Saganauer, Richard"]
[Black "Pilgram, Kurt"]
[Result "1/2-1/2"]
[WhiteElo "2160"]
[BlackElo "1969"]
[PlyCount "78"]
[EventDate "2014.10.15"]
[EventType "tourn (corr)"]
[EventRounds "12"]
[EventCountry "GER"]
[SourceTitle "Corr 2024"]
[Source "ChessBase"]
[SourceDate "2023.10.19"]
[SourceVersion "1"]
[SourceVersionDate "2023.10.19"]
[SourceQuality "1"]

1. e4 c5 2. Nf3 a6 3. c3 e6 4. d4 d5 5. exd5 exd5 6. Bd3 c4 7. Bc2 Nf6 8. 0-0 Be7 9. Re1 Bg4 10. h3 Bh5 11. Bg5 0-0 12. Nbd2 Nc6 13. b3 b5 14. bxc4 bxc4 15. Nf1 Rb8 16. Rb1 Rxb1 17. Bxb1 Ne8 18. Bxe7 Nxe7 19. Bxh7+ Kxh7 20. Ng5+ Kg6 21. Qd2 Nf6 22. Ng3 Ne4 23. N5xe4 dxe4 24. Rxe4 f5 25. Re5 Ng8 26. Qe1 Nh6 27. Qf1 Qh4 28. Qxc4 Kh7 29. Qd3 Bg6 30. Re6 Rb8 31. Rxa6 Rb2 32. d5 Qf4 33. Ne2 Qe5 34. Re6 Qb8 35. g4 Rxa2 36. Kg2 Bf7 37. gxf5 Bxe6 38. fxe6+ g6 39. Ng3 Qf4 1/2-1/2

[Event "CP-2014-P-00066"]
[Site "LSS email"]
[Date "2014.09.30"]
[Round "?"]
[White "Keller, Thomas"]
[Black "Saganauer, Richard"]
[Result "0-1"]
[WhiteElo "1913"]
[BlackElo "2162"]
[PlyCount "66"]
[EventDate "2014.10.01"]
[EventType "tourn (corr)"]
[EventRounds "6"]
[EventCountry "GER"]
[SourceTitle "Corr 2022"]
[Source "ChessBase"]
[SourceDate "2021.10.24"]
[SourceVersion "1"]
[SourceVersionDate "2021.10.24"]
[SourceQuality "1"]

1. e4 c5 2. Nf3 d6 3. d4 cxd4 4. Nxd4 Nf6 5. Nc3 a6 6. Bc4 g6 7. f3 Bg7 8. Be3 0-0 9. Qd2 Nbd7 10. 0-0 Qc7 11. Bb3 b6 12. Rad1 Bb7 13. a3 Rac8 14. Rfe1 Rfe8 15. Ba2 Ne5 16. Qf2 b5 17. Qh4 Nfd7 18. Kh1 Nc4 19. Bxc4 Qxc4 20. Nde2 Qc7 21. Bd4 Ne5 22. b3 Qa5 23. f4 Nd7 24. Bxg7 Kxg7 25. Rd3 Qxa3 26. Rh3 Nf6 27. f5 g5 28. Qxg5+ Kh8 29. Qd2 Rg8 30. Nf4 Qc5 31. Rf3 a5 32. Re2 Qe5 33. Nd1 Bxe4 0-1

[Event "CP-2014-P-00066"]
[Site "LSS email"]
[Date "2014.09.30"]
[Round "?"]
[White "Saganauer, Richard"]
[Black "Plotnikov, Vladimir Anatolievi"]
[Result "1-0"]
[WhiteElo "2162"]
[BlackElo "1171"]
[PlyCount "39"]
[EventDate "2014.10.01"]
[EventType "tourn (corr)"]
[EventRounds "6"]
[EventCountry "GER"]
[SourceTitle "Corr 2022"]
[Source "ChessBase"]
[SourceDate "2021.10.24"]
[SourceVersion "1"]
[SourceVersionDate "2021.10.24"]
[SourceQuality "1"]

1. e4 c5 2. Nf3 e6 3. d4 cxd4 4. Nxd4 Nf6 5. Nc3 a6 6. e5 Nd5 7. Nxd5 exd5 8. Qf3 Qa5+ 9. Bd2 Bb4 10. c3 Be7 11. Nf5 Bf8 12. c4 Qb6 13. 0-0-0 dxc4 14. Bxc4 Qg6 15. Nh4 Qc6 16. Qxf7+ Kd8 17. Nf5 Qg6 18. e6 Nc6 19. Ba5+ Nxa5 20. Rxd7+ 1-0

[Event "SB-2014-0-00371"]
[Site "LSS email"]
[Date "2014.06.29"]
[Round "?"]
[White "Krol, Wladyslaw"]
[Black "Saganauer, Richard"]
[Result "1/2-1/2"]
[WhiteElo "2062"]
[BlackElo "2184"]
[PlyCount "109"]
[EventDate "2014.05.30"]
[EventType "tourn (corr)"]
[EventRounds "6"]
[EventCountry "GER"]
[SourceTitle "Corr 2022"]
[Source "ChessBase"]
[SourceDate "2021.10.24"]
[SourceVersion "1"]
[SourceVersionDate "2021.10.24"]
[SourceQuality "1"]

1. e4 e5 2. Nf3 Nc6 3. Bc4 Bc5 4. d3 Nf6 5. c3 a6 6. Ng5 0-0 7. a4 h6 8. h4 Ba7 9. Nd2 Ne7 10. Nf1 d5 11. exd5 b5 12. Ba2 hxg5 13. hxg5 Ng4 14. Be3 Nxd5 15. Bxa7 Rxa7 16. Bxd5 Qxd5 17. f3 b4 18. fxg4 bxc3 19. bxc3 Qxg2 20. Rh4 Rb7 21. Qe2 Rb2 22. Qxg2 Rxg2 23. 0-0-0 Rxg4 24. Rxg4 Bxg4 25. Re1 f6 26. Nd2 Kf7 27. gxf6 gxf6 28. Nb3 Ke7 29. Rg1 f5 30. Nc5 Kd6 31. Nxa6 Rh8 32. a5 c5 33. Kc2 Rh2+ 34. Kb3 Rh4 35. d4 exd4 36. cxd4 Rh3+ 37. Kb2 cxd4 38. Rg2 Bf3 39. Rd2 Bb7 40. Nb4 Kc5 41. Nd3+ Kc4 42. Ne5+ Kd5 43. Nd3 Rh6 44. Rf2 Ba6 45. Kc2 Ke4 46. Nc5+ Ke5 47. Kb3 f4 48. Ka4 Rc6 49. Kb4 d3 50. Rf1 d2 51. Rd1 Be2 52. Rxd2 f3 53. Nd3+ Kf5 54. Nf2 Kf4 55. Rd7 1/2-1/2